[Event "Euro Online U2300 Day 1"]
[Site "chess.com INT"]
[Date "2020.05.25"]
[Round "3"]
[White "Risteski, Emil"]
[Black "Simonovic, Miroslav"]
[Result "1/2-1/2"]
[BlackTitle "CM"]
[WhiteElo "2159"]
[BlackElo "2129"]
[WhiteFideId "15005267"]
[BlackFideId "919152"]
[EventDate "2020.05.25"]

1. e4 c5 2. Nf3 Nc6 3. Bb5 g6 4. Bxc6 bxc6 5. O-O Bg7 6. Re1 e5 7. c3 Ne7 8. d4
cxd4 9. cxd4 exd4 10. Nxd4 O-O 11. Nc3 h6 12. Bf4 d5 13. exd5 cxd5 14. Ncb5 Nf5
15. Nxf5 Bxf5 16. Nc7 g5 17. Bg3 Bxb2 18. Nxa8 Qxa8 19. Be5 Bxa1 20. Bxa1 Re8
21. h3 Rxe1+ 22. Qxe1 Qc8 23. Bb2 Qe6 24. Qc3 f6 25. g4 Be4 26. Qxf6 Qxf6 27.
Bxf6 Bc2 28. Bd4 a5 29. a3 Kf7 30. Kg2 a4 31. Kg3 Kg6 32. f4 gxf4+ 33. Kxf4 Be4
34. h4 Bc2 35. h5+ Kh7 36. Ke5 Be4 37. Be3 Bf3 38. Kf4 Bd1 39. Kf5 Be2 40. Kf4
Bd1 41. Bd4 Be2 42. Be5 Bd1 43. Kf5 Be2 44. Bd4 Bd1 45. g5 Bxh5 46. gxh6 Kxh6
47. Ke5 Bf3 48. Bc5 Kg5 49. Kd4 Kf5 50. Bb4 Ke6 51. Bc5 Bd1 52. Bb4 Bb3 53. Bc5
Kf5 54. Bb4 Kf4 55. Bc5 Kf3 56. Bb4 Ke2 57. Bc5 Kd1 58. Bb4 Kc2 59. Bc5 Kd2 60.
Bb4+ Ke2 61. Bc5 Kf3 62. Bb4 Kf4 63. Bc5 Kf5 64. Bb4 Ke6 65. Bc5 Kd7 66. Bb4 Kc6
67. Bc5 Kb5 68. Bb4 Bc4 69. Bc5 Bb3 70. Bb4 Bc4 71. Bc5 Bb3 1/2-1/2

[Event "Euro Online U2300 Day 1"]
[Site "chess.com INT"]
[Date "2020.05.25"]
[Round "3"]
[White "Abbasov, Amil1"]
[Black "Samaridis, Konstantinos"]
[Result "1/2-1/2"]
[WhiteElo "2172"]
[BlackElo "2105"]
[WhiteFideId "13402277"]
[BlackFideId "4262867"]
[EventDate "2020.05.25"]

1. e4 e5 2. Nf3 Nc6 3. d4 exd4 4. Bc4 Nf6 5. e5 Ne4 6. O-O Be7 7. Re1 d5 8. exd6
Nxd6 9. Bd5 O-O 10. Bxc6 bxc6 11. Nxd4 Bd7 12. Nc3 Bf6 13. Bf4 Rb8 14. b3 Nb5
15. Ndxb5 cxb5 16. Nd5 Bxa1 17. Bxc7 Qg5 18. Bxb8 Rxb8 19. Ne7+ Kf8 20. Qxd7 Qf6
21. Nd5 Qd8 22. Qxa7 Bf6 23. Nxf6 gxf6 24. h3 Rc8 25. Qa3+ Kg8 26. Re3 Rxc2 27.
Rg3+ Kh8 28. Qb4 Rd2 29. Qg4 Qf8 30. Qf5 Qe7 31. Qg4 Qf8 32. Qf4 Rd6 33. a4 bxa4
34. bxa4 Re6 35. Kh2 h6 36. a5 Ra6 37. Qf5 Qb8 38. Qd7 Qf8 39. Qb5 Qc8 40. Qb3
Qf8 41. Qd5 Ra7 42. Qc6 Rxa5 43. Qxf6+ Kh7 44. Qf4 Rc5 45. Qe4+ Kh8 46. Qd4+ Kh7
47. Rf3 Rg5 48. Qe4+ Kg7 49. g3 Qc5 50. h4 Qd5 51. Qf4 Rg6 52. Qe3 Re6 53. Qc3+
Qe5 54. Qb3 Rf6 55. Kg2 Rxf3 56. Qxf3 h5 57. Qd3 Qe6 58. Qd4+ Kg6 59. Qd3+ Kg7
60. Qf3 Kg6 61. Qd3+ Kg7 1/2-1/2

[Event "Euro Online U2300 Day 1"]
[Site "chess.com INT"]
[Date "2020.05.25"]
[Round "3"]
[White "Bulau, Andrei-Cristian"]
[Black "Kolbin, Anton"]
[Result "1-0"]
[WhiteElo "2199"]
[BlackElo "2204"]
[WhiteFideId "1237691"]
[BlackFideId "24107271"]
[EventDate "2020.05.25"]

1. d4 d6 2. c4 Nf6 3. Nc3 Nbd7 4. Nf3 e5 5. g3 g6 6. Bg2 Bg7 7. O-O O-O 8. Re1
Re8 9. e4 c6 10. h3 a5 11. Be3 Qc7 12. Rc1 Nf8 13. Qb3 Be6 14. d5 Bc8 15. c5
dxc5 16. Bxc5 N8d7 17. Be3 a4 18. Nxa4 Nxe4 19. Nb6 Rb8 20. Nxd7 Qxd7 21. dxc6
Qe7 22. c7 Ra8 23. Nd2 Nxd2 24. Bxd2 Qe6 25. Bd5 Qf5 26. Bxb7 Bxb7 27. Qxb7 Rac8
28. Be3 e4 29. Kh2 Be5 30. b4 Re7 31. b5 Rexc7 32. Rxc7 Rxc7 33. Qa8+ Kg7 34.
Qa4 Rc3 35. Bd4 Rf3 36. Re2 Kh6 37. Be3+ Rxe3 38. fxe3 Bxg3+ 39. Kg1 Qf3 40. Qd1
Bh4 41. Qf1 Qg3+ 42. Rg2 Qe5 43. Qf4+ Qxf4 44. exf4 e3 45. Re2 Bd8 46. Rxe3 Bb6
47. Kf2 Kg7 48. Kf3 Bxe3 49. Kxe3 1-0

[Event "Euro Online U2300 Day 1"]
[Site "chess.com INT"]
[Date "2020.05.25"]
[Round "3"]
[White "Krivenko, Sergey"]
[Black "Misini, Burhanudin"]
[Result "1-0"]
[WhiteElo "2279"]
[BlackElo "1999"]
[WhiteFideId "24124753"]
[BlackFideId "4701488"]
[EventDate "2020.05.25"]

1. d4 Nf6 2. Bg5 Ne4 3. Bh4 g5 4. f3 c5 5. e3 Qa5+ 6. c3 Nxc3 7. Nxc3 gxh4 8. d5
Bg7 9. Qd2 d6 10. Bd3 a6 11. Nge2 b5 12. O-O Nd7 13. e4 Ne5 14. Bc2 h3 15. g3
Bd7 16. Qg5 Bf6 17. Qh6 b4 18. Nd1 Bb5 19. Kf2 Qb6 20. Qxh3 c4+ 21. Ke1 b3 22.
Bb1 bxa2 23. Rxa2 Nd3+ 24. Kd2 Bd7 25. Qh6 Qb4+ 26. Ndc3 Nxb2 27. Bc2 Nd3 28.
Qe3 Nc5 29. Rb1 Nb3+ 30. Bxb3 cxb3 31. Rab2 Ba4 32. Kd1 Bb5 33. Rxb3 Bxe2+ 34.
Kxe2 Qc4+ 35. Qd3 Qc7 36. Nd1 O-O 37. Ne3 a5 38. Rb7 Qc5 39. R7b5 Qa7 40. Rb7
Qc5 41. R7b5 Qc8 42. Nf5 a4 43. f4 a3 44. e5 dxe5 45. fxe5 a2 46. exf6 axb1=Q
47. Rxb1 Ra2+ 48. Kf3 Qa8 49. fxe7 Rc8 50. Rb3 Ra5 51. Ne3 Re8 52. Qe4 Ra7 53.
Qg4+ Kh8 54. Qd4+ Kg8 55. Nf5 Raxe7 56. Qg7# 1-0

[Event "Euro Online U2300 Day 1"]
[Site "chess.com INT"]
[Date "2020.05.25"]
[Round "3"]
[White "Toure, Vasanth"]
[Black "Chernikov, Vladimir"]
[Result "1-0"]
[BlackTitle "FM"]
[WhiteElo "2132"]
[BlackElo "2231"]
[WhiteFideId "26014580"]
[BlackFideId "14112914"]
[EventDate "2020.05.25"]

1. e4 c5 2. Nf3 Nc6 3. Bb5 g6 4. O-O Bg7 5. Re1 e5 6. h3 Nge7 7. c3 a6 8. Bf1
O-O 9. a4 d5 10. d3 Be6 11. Na3 dxe4 12. dxe4 Qxd1 13. Rxd1 Na5 14. Be3 Nb3 15.
Rab1 Rad8 16. Nc4 Nc6 17. Ng5 Bc8 18. Nb6 h6 19. Nxc8 Rxc8 20. Nf3 Nca5 21. Rd7
Rfd8 22. Rbd1 Rxd7 23. Rxd7 Kf8 24. Rd5 f6 25. h4 h5 26. Ne1 Ke7 27. Nc2 Ke6 28.
g3 f5 29. f3 Bf6 30. Kf2 Rd8 31. Rxd8 Bxd8 32. Na3 f4 33. gxf4 Bxh4+ 34. Ke2 Bg3
35. f5+ gxf5 36. Bh3 Kd6 37. Bxf5 Bf4 38. Nc2 Nc4 39. Bxf4 exf4 40. Bc8 Kc7 41.
Be6 Nc1+ 42. Kd1 Nd3 43. b3 Ne3+ 44. Kd2 Nxc2 45. Kxd3 Ne3 46. e5 b5 47. axb5
axb5 48. Ke4 Ng2 49. Bh3 Ne3 50. Kxf4 Nd5+ 51. Kg5 Nxc3 52. Kf6 c4 53. bxc4 b4
54. e6 b3 55. e7 b2 56. Bf5 1-0

[Event "Euro Online U2300 Day 1"]
[Site "chess.com INT"]
[Date "2020.05.25"]
[Round "3"]
[White "Asgeirsson, Heimir"]
[Black "Levitan, Tal"]
[Result "1-0"]
[WhiteElo "2204"]
[BlackElo "2126"]
[WhiteFideId "2301083"]
[BlackFideId "2804603"]
[EventDate "2020.05.25"]

1. d4 d5 2. c4 e6 3. Nc3 Be7 4. Nf3 Nf6 5. Bg5 O-O 6. e3 b6 7. cxd5 exd5 8. Bd3
Nbd7 9. O-O Bb7 10. Rc1 Ne4 11. Bxe7 Qxe7 12. Qb3 c5 13. Nxd5 Bxd5 14. Qxd5 Ndf6
15. Qe5 Qb7 16. dxc5 Nxc5 17. Bb1 Rfe8 18. Qf4 a5 19. Rfd1 Rad8 20. h3 h6 21.
Bf5 a4 22. Nd4 Qd5 23. a3 Ne6 24. Nxe6 Qxd1+ 25. Rxd1 Rxd1+ 26. Kh2 fxe6 27.
Qxa4 Rd2 28. Bg6 Red8 29. Qb3 Nd5 30. Kg3 Rf8 31. f3 Rf6 32. Be4 h5 33. h4 Rf8
34. Bxd5 exd5 35. Qxb6 Rf6 36. Qb8+ Kh7 37. Kh3 Rg6 38. g3 Re6 39. Qf4 Rf6 40.
Qe5 Rh6 41. a4 Rb6 42. Qxh5+ Kg8 43. a5 Rbxb2 44. a6 Ra2 45. Qf5 Ra1 46. Kg4
Rda2 47. Qxd5+ Kh7 48. e4 Rxa6 49. h5 R1a5 50. Qd8 Re5 51. f4 Rxe4 52. Qd3 Re6
53. Kf3 Kh6 54. Qxe4 Rxe4 55. Kxe4 Kxh5 56. Kf5 Kh6 57. g4 g5 58. fxg5+ Kg7 59.
g6 Kg8 60. Kf6 Kf8 61. Kg5 Kg7 62. Kh5 Kg8 63. Kh6 Kh8 64. g7+ 1-0

[Event "Euro Online U2300 Day 1"]
[Site "chess.com INT"]
[Date "2020.05.25"]
[Round "3"]
[White "Berkovich, Mark A"]
[Black "Melnikov, Sergey"]
[Result "1-0"]
[WhiteTitle "IM"]
[WhiteElo "2326"]
[BlackElo "2039"]
[WhiteFideId "2801639"]
[BlackFideId "34141062"]
[EventDate "2020.05.25"]

1. Nf3 d5 2. g3 Nf6 3. Bg2 g6 4. c4 c6 5. cxd5 cxd5 6. O-O Bg7 7. d4 O-O 8. Nc3
Nc6 9. Ne5 Qb6 10. Na4 Qd8 11. Nxc6 bxc6 12. Bf4 Nd7 13. Rc1 Nb6 14. Nc5 Bg4 15.
h3 Bf5 16. b3 Rc8 17. Qd2 Re8 18. Rfd1 Nd7 19. g4 Nxc5 20. gxf5 Ne4 21. Bxe4
dxe4 22. fxg6 hxg6 23. Qe3 Qd5 24. Rc5 Qd7 25. Qxe4 Qxh3 26. Rd3 Qg4+ 27. Rg3
Qd7 28. Be5 Qe6 29. Qh4 Bxe5 30. Rxe5 Qf6 31. Qh6 Qg7 32. Qxg7+ Kxg7 33. Rc3 e6
34. Rec5 Red8 35. e3 Rd6 36. b4 Rb8 37. a3 Rb6 38. Kf1 Kf6 39. Ke2 Ke7 40. Ra5
a6 41. Rcc5 Kd7 42. Kd3 Rd5 43. e4 Rd6 44. Ra4 Kc7 45. f3 Kb7 46. Raa5 Rb5 47.
Ra4 Rd8 48. Ra5 Rh8 49. d5 exd5 50. exd5 Rd8 51. Raxb5+ cxb5 52. Kd4 Rd7 53. Rc6
Rd8 54. Ke5 Rd7 55. Rc5 Kb6 56. Rc6+ Kb7 57. Rd6 Re7+ 58. Kd4 Rc7 59. Rf6 Rd7
60. Kc5 Re7 61. d6 1-0

[Event "Euro Online U2300 Day 1"]
[Site "chess.com INT"]
[Date "2020.05.25"]
[Round "3"]
[White "Yeke, Serkan"]
[Black "Curtacci, Sergio"]
[Result "1/2-1/2"]
[WhiteTitle "FM"]
[WhiteElo "2099"]
[BlackElo "2038"]
[WhiteFideId "6301142"]
[BlackFideId "858048"]
[EventDate "2020.05.25"]

1. e4 d5 2. exd5 Qxd5 3. Nc3 Qa5 4. g3 c6 5. Bg2 Nf6 6. Nge2 e6 7. O-O Be7 8.
Rb1 O-O 9. a3 Nbd7 10. b4 Qc7 11. d3 Re8 12. h3 a6 13. Bf4 Bd6 14. a4 e5 15. Be3
h6 16. b5 axb5 17. axb5 Rb8 18. Qd2 Bf8 19. g4 Nh7 20. Ng3 Bc5 21. Bxc5 Nxc5 22.
bxc6 bxc6 23. Rxb8 Qxb8 24. Bxc6 Bd7 25. Bg2 Nf6 26. f4 Ne6 27. fxe5 Qxe5 28.
Nf5 Nd4 29. Nxd4 Qxd4+ 30. Kh1 Qd6 31. Qf2 Bc6 32. Ne4 Bxe4 33. Bxe4 Rb8 34. Bg2
Rc8 35. Ra1 Qb4 36. c4 Qc3 37. Rd1 Rd8 38. Bf1 Ne4 39. Qe3 Qc2 40. Re1 Ng5 41.
d4 Qb2 42. d5 g6 43. Bg2 Qa2 44. c5 Rxd5 45. c6 Ne6 46. Bxd5 Qxd5+ 47. Qe4 Qc5
48. Rf1 Ng5 49. Qg2 Ne6 50. h4 Nd4 51. Qe4 Kg7 52. c7 Ne6 53. Re1 Qxc7 54. Qe5+
Qxe5 55. Rxe5 Kf6 56. Ra5 Ng7 57. Kh2 h5 58. g5+ Ke7 59. Ra7+ Ke6 60. Ra6+ Ke7
61. Rf6 Nf5 62. Kh3 Ng7 63. Kg3 Nf5+ 64. Kh3 Ng7 65. Kg3 Nf5+ 66. Kh3 1/2-1/2

[Event "Euro Online U2300 Day 1"]
[Site "chess.com INT"]
[Date "2020.05.25"]
[Round "3"]
[White "Garcia Dorado, Alberto"]
[Black "Spirliadis, Achileas"]
[Result "0-1"]
[WhiteTitle "CM"]
[WhiteElo "2175"]
[BlackElo "2149"]
[WhiteFideId "2252244"]
[BlackFideId "4215770"]
[EventDate "2020.05.25"]

1. d4 Nf6 2. c4 d6 3. Nf3 Nc6 4. Nc3 e5 5. g3 Bg4 6. d5 Bxf3 7. exf3 Nd4 8. Bg2
Be7 9. Be3 c5 10. dxc6 Nxc6 11. O-O O-O 12. f4 Rc8 13. b3 Qa5 14. Rc1 Rfd8 15.
Qd2 Bf8 16. h3 g6 17. Bxc6 bxc6 18. Nd5 Qxd2 19. Nxf6+ Kg7 20. Nh5+ gxh5 21.
Bxd2 e4 22. Rfd1 f5 23. Be3 Rd7 24. Rd2 Kf7 25. Rcd1 Ke6 26. Kg2 Rcd8 27. Kf1
Bg7 28. Ke2 Bc3 29. Rc2 Bb4 30. Bd2 a5 31. Be3 a4 32. bxa4 Ra8 33. c5 d5 34. Rd4
Ba5 35. Rd1 Rb7 36. Bd4 Rb4 37. Rb2 Rxa4 38. Be3 Bc3 39. Rb6 Rxa2+ 40. Kf1 R8a6
41. Rdb1 d4 42. Bc1 Kd5 43. g4 hxg4 44. hxg4 fxg4 45. f5 d3 46. Be3 h5 47. Rb7
Ra7 48. R1b3 Rxb7 49. Rxb7 Ra1+ 50. Kg2 h4 51. Rd7+ Ke5 52. Rd6 Kxf5 53. Rxc6
Be5 54. f4 exf3+ 55. Kf2 Bg3# 0-1

[Event "Euro Online U2300 Day 1"]
[Site "chess.com INT"]
[Date "2020.05.25"]
[Round "3"]
[White "Godzwon, Iwo"]
[Black "Eynullayev, Altay"]
[Result "1/2-1/2"]
[WhiteTitle "FM"]
[BlackTitle "FM"]
[WhiteElo "2347"]
[BlackElo "2227"]
[WhiteFideId "21802483"]
[BlackFideId "13413562"]
[EventDate "2020.05.25"]

1. e4 e5 2. Nf3 Nc6 3. Bb5 Nf6 4. O-O Nxe4 5. Re1 Nd6 6. Nxe5 Be7 7. Bf1 Nxe5 8.
Rxe5 O-O 9. d4 Bf6 10. Re1 Nf5 11. d5 Re8 12. Rxe8+ Qxe8 13. Nc3 d6 14. Bf4 Bd7
15. Qd2 Qf8 16. Re1 Re8 17. b3 Rxe1 18. Qxe1 Qe7 19. Ne4 Bd4 20. Bd3 h6 21. Qe2
Nh4 22. Ng3 Qxe2 23. Nxe2 Bb6 24. a4 Ng6 25. Bxg6 fxg6 26. Be3 Bxe3 27. fxe3 Kf7
28. Kf2 Kf6 29. e4 Ke5 30. Ke3 c5 31. Nf4 g5 32. Nd3+ Kf6 33. h3 b6 34. Nb2 Be8
35. Nc4 Ke7 36. e5 dxe5 37. Nxe5 Kd6 38. Ke4 Ke7 39. Nc4 Bg6+ 40. Ke5 Bxc2 41.
d6+ Kd7 42. a5 b5 43. Nd2 Bh7 44. Kd5 c4 45. bxc4 bxc4 46. Nxc4 Bg8+ 47. Kc5
Bxc4 48. Kxc4 Kxd6 49. Kb5 Kc7 50. Ka6 Kb8 51. Kb5 Kb7 52. Kc5 Kc7 53. Kb5 Kb7
54. Kc5 h5 55. Kb5 h4 56. Kc5 Kc7 57. Kb5 1/2-1/2

[Event "Euro Online U2300 Day 1"]
[Site "chess.com INT"]
[Date "2020.05.25"]
[Round "3"]
[White "Olsen, Filip Boe"]
[Black "Terbe, Zsuzsanna"]
[Result "1-0"]
[WhiteTitle "IM"]
[BlackTitle "WFM"]
[WhiteElo "2353"]
[BlackElo "2192"]
[WhiteFideId "1440640"]
[BlackFideId "708801"]
[EventDate "2020.05.25"]

1. d4 d5 2. c4 c6 3. Nf3 Nf6 4. cxd5 cxd5 5. Nc3 Nc6 6. Bf4 Bf5 7. e3 e6 8. Qb3
Bb4 9. Bb5 O-O 10. Bxc6 Bxc3+ 11. Qxc3 Rc8 12. Ne5 bxc6 13. O-O Ne4 14. Qa3 f6
15. Nd3 Qb6 16. Rfc1 Nd2 17. Nc5 Nc4 18. Rxc4 dxc4 19. Nd7 Qb7 20. Nxf8 Rxf8 21.
Rc1 Bd3 22. Qc3 Qb5 23. b3 cxb3 24. a4 Qf5 25. Qxb3 Be4 26. f3 Bd5 27. Qb7 c5
28. Qxa7 cxd4 29. Qxd4 Bb3 30. Qb4 Qd3 31. Rc7 e5 32. Qe7 Bf7 33. Bg3 Qxe3+ 34.
Bf2 Qb3 35. Bc5 Re8 36. Qd7 Qa2 37. a5 Qa1+ 38. Kf2 Qa2+ 39. Kg3 h5 40. h4 Qc4
41. Bd4 Qe6 42. Qxe6 Bxe6 43. Bb6 Ra8 44. Re7 Bc4 45. f4 exf4+ 46. Kxf4 Kf8 47.
Rc7 Bf1 48. g3 Kg8 49. Rd7 Kh7 50. Rd5 Kg6 51. Rd7 Bh3 52. Rc7 Bf1 53. Ke3 Ba6
54. Kd4 Bf1 55. Kc5 Be2 56. Re7 Rc8+ 57. Kb4 Ra8 58. Rxe2 1-0

[Event "Euro Online U2300 Day 1"]
[Site "chess.com INT"]
[Date "2020.05.25"]
[Round "3"]
[White "Salimova, Nurgyul"]
[Black "Droin, Augustin"]
[Result "1/2-1/2"]
[WhiteTitle "IM"]
[BlackTitle "FM"]
[WhiteElo "2372"]
[BlackElo "2313"]
[WhiteFideId "2915138"]
[BlackFideId "45105987"]
[EventDate "2020.05.25"]

1. d4 d5 2. c4 e5 3. dxe5 d4 4. Nf3 Nc6 5. a3 Nge7 6. b4 Ng6 7. Bb2 a5 8. b5
Ncxe5 9. Qxd4 Qxd4 10. Bxd4 Nxc4 11. e3 Nd6 12. Nbd2 Bd7 13. a4 c6 14. bxc6 Bxc6
15. Bd3 f6 16. O-O Be7 17. h4 Nf8 18. Bc3 Ne6 19. Nb3 Kf7 20. Nxa5 Be4 21. Be2
Rhc8 22. Bb4 Rc2 23. Nd2 Bd5 24. Bd3 Rb2 25. Bc3 Rb6 26. Rfb1 Rxb1+ 27. Rxb1 Nc5
28. Bc2 Rc8 29. Bd4 Bd8 30. Nab3 Nxa4 31. Bxh7 g6 32. h5 gxh5 33. Bd3 b5 34. Nc1
Nc3 35. Bxc3 Rxc3 36. Be2 Ke7 37. Nd3 Rc2 38. Rd1 Nc4 39. Nxc4 Bxc4 40. Bxh5 Ba5
41. Nf4 b4 42. Bg6 Ra2 43. Nd5+ Bxd5 44. Rxd5 b3 45. Rb5 Be1 46. Rxb3 Bxf2+ 47.
Kh2 Bh4 48. Bf5 Bg5 49. Kg3 Kd6 50. Kf3 Ra1 51. e4 Rf1+ 52. Ke2 Ra1 53. Rb5 Bf4
54. Rd5+ Ke7 55. Rd7+ Ke8 56. Rh7 Be5 57. Kf3 Ra3+ 58. Ke2 Ra2+ 59. Kf3 Ra3+ 60.
Ke2 Ra2+ 61. Kf3 Ra3+ 1/2-1/2

[Event "Euro Online U2300 Day 1"]
[Site "chess.com INT"]
[Date "2020.05.25"]
[Round "3"]
[White "Giannoulakis, Lampros"]
[Black "Iro, Christian"]
[Result "1/2-1/2"]
[WhiteTitle "FM"]
[WhiteElo "2293"]
[BlackElo "2081"]
[WhiteFideId "4247019"]
[BlackFideId "1637606"]
[EventDate "2020.05.25"]

1. d4 Nf6 2. c4 e6 3. Nc3 Bb4 4. e3 d5 5. a3 Bxc3+ 6. bxc3 O-O 7. cxd5 exd5 8.
Bd3 b6 9. Ne2 Ba6 10. O-O Bxd3 11. Qxd3 Nbd7 12. f3 c5 13. Ng3 Qc7 14. Bb2 Rac8
15. Rac1 Rfe8 16. e4 c4 17. Qc2 Re6 18. e5 Nxe5 19. dxe5 Rxe5 20. Rce1 Rce8 21.
Qf2 h5 22. Bc1 h4 23. Ne2 Qe7 24. Qxh4 Rxe2 25. Rxe2 Qxe2 26. Bg5 Nd7 27. Qd4
Qe5 28. Qd2 Nc5 29. Bf4 Qe6 30. Qd4 Nd3 31. Bg3 f6 32. a4 Qc6 33. Ra1 Qc5 34.
Qxc5 bxc5 35. Bd6 Re6 36. Bc7 Re1+ 37. Rxe1 Nxe1 38. Kf2 Nd3+ 39. Ke3 Kf7 40. a5
a6 41. Bb6 Ke6 42. h4 Kd6 43. g4 Nc1 44. f4 Nd3 45. h5 Ke6 46. Ba7 Kf7 47. Bb6
g6 48. h6 g5 49. fxg5 fxg5 50. Bd8 Kg6 51. Bxg5 Ne5 52. Kf4 Nc6 53. Bh4 Kxh6 54.
Kf5 d4 55. Be1 d3 56. Kf6 Kh7 57. g5 Kg8 58. Ke6 Nxa5 59. Kd5 Kf7 60. Kxc5 d2
61. Bxd2 Nb3+ 62. Kxc4 Nxd2+ 63. Kb4 Kg6 64. Ka5 Kxg5 65. Kxa6 Kf5 66. c4 Nxc4 1/2-1/2

[Event "Euro Online U2300 Day 1"]
[Site "chess.com INT"]
[Date "2020.05.25"]
[Round "3"]
[White "Golubenko, Valeriy"]
[Black "Grutter, Tim"]
[Result "1-0"]
[WhiteElo "2211"]
[BlackElo "2253"]
[WhiteFideId "2216477"]
[BlackFideId "1057472"]
[EventDate "2020.05.25"]

1. d4 Nf6 2. Bg5 c5 3. Nc3 cxd4 4. Qxd4 Nc6 5. Qh4 e6 6. e4 Be7 7. f4 O-O 8. e5
Nd5 9. Bd3 h6 10. Nxd5 Bxg5 11. fxg5 exd5 12. Nf3 d6 13. exd6 Qxd6 14. O-O-O Nb4
15. gxh6 Qxh6+ 16. Qxh6 gxh6 17. c3 Nc6 18. Bc2 Be6 19. Rhe1 Rad8 20. Rd2 Rfe8
21. Bb3 Re7 22. h3 Red7 23. Nd4 Rd6 24. g4 h5 25. Nxe6 fxe6 26. gxh5 R8d7 27.
Rg2+ Rg7 28. Reg1 Rxg2 29. Rxg2+ Kh7 30. Bc2+ Kh6 31. Rg6+ Kxh5 32. Rg7 b6 33.
Rh7+ Kg5 34. h4+ Kg4 35. h5 e5 36. Bd1+ Kg5 37. b4 e4 38. b5 Ne5 39. Rxa7 Rf6
40. Rb7 Nd3+ 41. Kd2 Nc5 42. Rg7+ Kh6 43. Rc7 Rf2+ 44. Ke3 Rxa2 45. Rc6+ Kg5 46.
Rg6+ Kf5 47. Rxb6 Nd3 48. h6 Rh2 49. Kd4 Nf4 50. Rd6 Rd2+ 51. Kc5 Rxd1 52. b6
Rh1 53. b7 Nd3+ 54. Kxd5 Nf4+ 55. Kc6 Rb1 56. h7 Ng6 57. Rxg6 Kxg6 58. h8=Q Kf5
59. Qh7+ 1-0

[Event "Euro Online U2300 Day 1"]
[Site "chess.com INT"]
[Date "2020.05.25"]
[Round "3"]
[White "Khazhomia, Salome"]
[Black "Papp, Petra"]
[Result "0-1"]
[WhiteTitle "WFM"]
[BlackTitle "WGM"]
[WhiteElo "2092"]
[BlackElo "2338"]
[WhiteFideId "13603230"]
[BlackFideId "739049"]
[EventDate "2020.05.25"]

1. d4 Nf6 2. c4 g6 3. Nc3 d5 4. cxd5 Nxd5 5. Na4 Bg7 6. e4 Nb6 7. Be3 O-O 8. Nf3
N8d7 9. Be2 Nf6 10. Nc3 Ng4 11. Bf4 f5 12. Qb3+ e6 13. e5 Nd5 14. Nxd5 exd5 15.
Rc1 c6 16. Qc3 Nh6 17. Qe3 Nf7 18. Ng5 Qe7 19. a3 a5 20. Nxf7 Qxf7 21. h4 h6 22.
Rc3 Kh7 23. Qd2 Be6 24. Rg3 b6 25. Rc3 Rac8 26. Qc2 c5 27. Qd2 c4 28. Rg3 Ra8
29. a4 Bd7 30. Bd1 b5 31. axb5 Bxb5 32. Qc3 a4 33. O-O Bd7 34. Re1 Be6 35. Qc1
Rfb8 36. Ra3 Qb7 37. Re2 Qb4 38. h5 gxh5 39. Bc2 h4 40. Qe3 Qxb2 41. Bxf5+ Bxf5
42. Rxb2 Rxb2 43. e6 Rb3 44. Rxb3 cxb3 45. Qc3 a3 46. Bc1 a2 47. Bb2 Bxe6 48.
Qc6 a1=Q+ 49. Bxa1 Rxa1+ 50. Kh2 Bf5 51. Qxd5 Bc2 52. Qb5 Ra2 53. Qc4 Ra7 54.
Qb4 Rd7 55. d5 b2 0-1

[Event "Euro Online U2300 Day 1"]
[Site "chess.com INT"]
[Date "2020.05.25"]
[Round "3"]
[White "Razafindratsima, Timothe"]
[Black "Queirolo Perez, Manuel"]
[Result "0-1"]
[WhiteTitle "FM"]
[WhiteElo "2336"]
[BlackElo "2145"]
[WhiteFideId "36069884"]
[BlackFideId "3401219"]
[EventDate "2020.05.25"]

1. e4 c5 2. Nf3 Nc6 3. d4 cxd4 4. Nxd4 Qb6 5. Nb3 g6 6. Nc3 Bg7 7. Nd5 Qd8 8. c3
Nf6 9. Bf4 d6 10. Bd3 Nxd5 11. exd5 Ne5 12. Bb5+ Bd7 13. Bxd7+ Qxd7 14. O-O O-O
15. Rc1 Qf5 16. Bxe5 Bxe5 17. Nd4 Qf6 18. Nf3 Bf4 19. Rc2 Rfc8 20. c4 Rc7 21.
Re1 Rac8 22. b3 b5 23. Qd3 Bh6 24. Nd4 bxc4 25. bxc4 Bf8 26. g3 Bg7 27. Nc6 Bf8
28. Rb1 h5 29. Re2 h4 30. Kg2 e5 31. Qe4 g5 32. gxh4 gxh4 33. Kh1 Bg7 34. f3 Bh6
35. Rg2+ Kh8 36. Qg4 Re8 37. a4 Rcc8 38. Rbg1 a6 39. Qh5 Rg8 40. Rxg8+ Rxg8 41.
Rxg8+ Kxg8 42. c5 e4 43. Qg4+ Bg7 44. Qxe4 dxc5 45. Ne7+ Kh8 46. Nf5 h3 47. Qb1
Bf8 48. a5 c4 49. Kg1 c3 50. Qc2 Bb4 51. Kf1 Bxa5 52. d6 Bd8 53. Qd3 a5 54. f4
a4 55. Qxh3+ Kg8 56. Qg4+ Kf8 57. Qh5 c2 0-1

[Event "Euro Online U2300 Day 1"]
[Site "chess.com INT"]
[Date "2020.05.25"]
[Round "3"]
[White "Tereladze, Sopiko"]
[Black "Ismayilov, Firuz"]
[Result "1-0"]
[WhiteTitle "WIM"]
[WhiteElo "2141"]
[BlackElo "1590"]
[WhiteFideId "13600486"]
[BlackFideId "13416561"]
[EventDate "2020.05.25"]

1. e4 g6 2. d4 Bg7 3. Nc3 d6 4. Nf3 a6 5. Be3 b5 6. Bd3 Bb7 7. Qd2 Nd7 8. a3 c5
9. O-O c4 10. Be2 Ngf6 11. d5 Ng4 12. Bd4 O-O 13. Bxg7 Kxg7 14. Nd4 Ngf6 15. f4
Nc5 16. Bf3 Qb6 17. Kh1 e5 18. fxe5 dxe5 19. Nf5+ gxf5 20. Qg5+ Kh8 21. Qxf5
Ncd7 22. g4 Bc8 23. g5 Ng8 24. Bh5 Ndf6 25. Qxe5 Re8 26. Rxf6 Nxf6 27. Qxf6+
Qxf6 28. gxf6 Ra7 29. Rg1 Re5 30. Bf3 Rb7 31. d6 Be6 32. Ne2 Rd7 33. Rd1 Rc5 34.
Nf4 Kg8 35. Rg1+ Kf8 36. Rd1 a5 37. Kg2 b4 38. c3 bxa3 39. bxa3 Rb5 40. h4 Rb2+
41. Kg3 Rb5 42. Nxe6+ fxe6 43. Kf4 Kf7 44. e5 Rb3 45. Bh5+ Kf8 46. Rg1 Rxc3 47.
Bg4 Rd3 48. Bxe6 Rf7 49. Bxf7 Kxf7 50. Rg7+ Ke6 51. Re7+ Kd5 52. f7 Rd1 53. d7
Kc6 54. e6 c3 55. Re8 Rf1+ 56. Ke3 c2 57. Rc8+ Kb7 58. Rxc2 1-0

[Event "Euro Online U2300 Day 1"]
[Site "chess.com INT"]
[Date "2020.05.25"]
[Round "3"]
[White "Kovacevic, Krsto"]
[Black "Tobak, Mikhail"]
[Result "0-1"]
[WhiteElo "2117"]
[BlackElo "2067"]
[WhiteFideId "14519739"]
[BlackFideId "14165570"]
[EventDate "2020.05.25"]

1. e4 Nf6 2. e5 Nd5 3. c4 Nb6 4. d4 d6 5. exd6 cxd6 6. Nc3 g6 7. Be3 Bg7 8. Rc1
Bf5 9. b3 O-O 10. Nf3 d5 11. c5 Nc8 12. h3 Nc6 13. Be2 Be4 14. O-O Bxf3 15. Bxf3
e6 16. Qd2 N8e7 17. g4 e5 18. Ne2 e4 19. Bg2 f5 20. g5 Qd7 21. b4 Nd8 22. Nf4
Ne6 23. Nxe6 Qxe6 24. b5 a6 25. a4 axb5 26. axb5 Qd7 27. Rb1 Ra3 28. Rfe1 Rd3
29. Qc1 Bxd4 30. Bf1 Rc3 31. Qd2 Bg7 32. Bd4 Bxd4 33. Qxd4 Ra3 34. Red1 f4 35.
Rbc1 Qf5 36. Rc3 Qxg5+ 37. Kh1 Rxc3 38. Qxc3 e3 39. c6 exf2 40. Bg2 bxc6 41.
bxc6 Qf6 42. Qc2 f3 43. Bf1 Qxc6 44. Qxf2 Qd6 45. Bc4 Qe6 46. Re1 Qf7 47. Ba2
Rd8 48. Re3 Rf8 49. Kg1 h6 50. Re5 Kh7 51. Kf1 Qf6 52. Qe3 Nf5 53. Qf4 Ng7 54.
Qe3 Qa6+ 55. Kg1 Qxa2 56. Re7 f2+ 0-1